002230000a220007300045001000016000002450056000163000044000727730033001161 aBaum, A. D.10aAnti-fundamentalist Jesus research in North America aVol. 7, Núm 2 (1998), Páginas 83-990 tEuropean Journal of Theology